Online
Catalog

Dominicanos en el exterior : (Record no. 60622)

MARC details
000 -CABECERA
campo de control de longitud fija 02182nas a2200373 i 4500
003 - IDENTIFICADOR DEL NÚMERO DE CONTROL
campo de control DR-UNIBE
005 - FECHA Y HORA DE LA ÚLTIMA TRANSACCIÓN
campo de control 20260427142122.0
007 - CAMPO FIJO DE DESCRIPCIÓN FÍSICA--INFORMACIÓN GENERAL
campo de control de longitud fija ta
008 - DATOS DE LONGITUD FIJA--INFORMACIÓN GENERAL
campo de control de longitud fija 260427e2024 dr an|p|r||||||0| | spa d
022 ## - NÚMERO INTERNACIONAL NORMALIZADO PARA PUBLICACIONES SERIADAS
Número Internacional Normalizado para Publicaciones Seriadas 2960-7876
040 ## - FUENTE DE LA CATALOGACIÓN
Centro catalogador/agencia de origen Biblioteca UNIBE
Lengua de catalogación spa
Centro/agencia transcriptor Biblioteca UNIBE
Centro/agencia modificador DO-SdBNP
Normas de descripción rda
041 ## - CÓDIGO DE LENGUA
Código de lengua del texto/banda sonora o título independiente spa
245 00 - MENCIÓN DE TÍTULO
Título Dominicanos en el exterior :
Resto del título informe del registro sociodemográfico de los dominicanos residentes en el exterior.
264 ## - PRODUCCIÓN, PUBLICACIÓN, DISTRIBUCIÓN, FABRICACIÓN Y COPYRIGHT
Producción, publicación, distribución, fabricación y copyright Santo Domingo, República Dominicana :
Nombre del de productor, editor, distribuidor, fabricante Instituto de Dominicanos y Dominicanas en el Exterior (INDEX).
-- Ministerio de Relaciones Exteriores (MIREX). Viceministerio para las Comunidades en el Exterior,
Fecha de producción, publicación, distribución, fabricación o copyright 2024.
300 ## - DESCRIPCIÓN FÍSICA
Extensión volumen :
Otras características físicas ilustraciones, gráficos, mapas ;
Dimensiones 28 x 21 cm.
310 ## - PERIODICIDAD ACTUAL
Periodicidad actual Anual.
336 ## - TIPO DE CONTENIDO
Término de tipo de contenido texto
Código de tipo de contenido txt
Fuente rdacontent
337 ## - TIPO DE MEDIO
Nombre/término del tipo de medio sin mediación
Código del tipo de medio n
Fuente rdamedia
338 ## - TIPO DE SOPORTE
Nombre/término del tipo de soporte volumen
Código del tipo de soporte nc
Fuente rdacarrier
362 ## - FECHAS DE PUBLICACIÓN Y/O DESIGNACIÓN SECUENCIAL
Fecha de publicación y/o designación secuencial (Julio 2024).
500 ## - NOTA GENERAL
Nota general Catalogación basada en: (Julio 2024).
500 ## - NOTA GENERAL
Nota general Informe del registro sociodemográfico de los dominicanos residentes en el exterior 2024.
520 ## - SUMARIO, ETC.
Sumario, etc. El Registro Sociodemográfico de los dominicanos en el exterior es una innovadora herramienta que recoge datos importantes sobre la diáspora dominicana global. Esta iniciativa, liderada por la Dirección de Investigación y Estudio del Viceministerio para las Comunidades Dominicanas en el Exterior, tiene implicaciones tanto en el ámbito académico como en la formulación de políticas por parte del Ministerio de Relaciones Exteriores y otras entidades nacionales.
650 #7 - PUNTO DE ACCESO ADICIONAL DE MATERIA--TÉRMINO DE MATERIA
Término de materia o nombre geográfico como elemento de entrada Diáspora
Subdivisión geográfica República Dominicana
9 (RLIN) 185594
650 #7 - PUNTO DE ACCESO ADICIONAL DE MATERIA--TÉRMINO DE MATERIA
Término de materia o nombre geográfico como elemento de entrada Ciencias sociales
9 (RLIN) 185595
650 #7 - PUNTO DE ACCESO ADICIONAL DE MATERIA--TÉRMINO DE MATERIA
Término de materia o nombre geográfico como elemento de entrada Investigación demográfica
9 (RLIN) 90884
651 #7 - PUNTO DE ACCESO ADICIONAL DE MATERIA--NOMBRE GEOGRÁFICO
Nombre geográfico República Dominicana
Subdivisión general Emigración e inmigración
Subdivisión de forma Informes
9 (RLIN) 185596
651 #7 - PUNTO DE ACCESO ADICIONAL DE MATERIA--NOMBRE GEOGRÁFICO
Nombre geográfico Caribe (Región)
Subdivisión general Emigración e inmigración
9 (RLIN) 89411
651 #7 - PUNTO DE ACCESO ADICIONAL DE MATERIA--NOMBRE GEOGRÁFICO
Nombre geográfico América Latina
Subdivisión general Emigración e inmigración
Subdivisión de forma Estadísticas
9 (RLIN) 89412
655 #7 - TÉRMINO DE INDIZACIÓN--GÉNERO/FORMA
Datos o término principal de género/forma Publicaciones periódicas
9 (RLIN) 185572
710 2# - PUNTO DE ACCESO ADICIONAL--NOMBRE DE ENTIDAD CORPORATIVA
Nombre de entidad corporativa o nombre de jurisdicción como elemento de entrada Instituto de Dominicanos y Dominicanas en el Exterior (INDEX)
Término indicativo de función/relación autor
9 (RLIN) 185573
710 2# - PUNTO DE ACCESO ADICIONAL--NOMBRE DE ENTIDAD CORPORATIVA
Nombre de entidad corporativa o nombre de jurisdicción como elemento de entrada Ministerio de Relaciones Exteriores (MIREX)
Término indicativo de función/relación autor
9 (RLIN) 185574
942 ## - ELEMENTOS DE PUNTO DE ACCESO ADICIONAL (KOHA)
Fuente del sistema de clasificación o colocación Dewey Decimal Classification
Tipo de ítem Koha Publicación periódica
Holdings
Estado de retiro Estado de pérdida Fuente del sistema de clasificación o colocación Estado dañado Restricciones de uso No para préstamo Código de colección Localización permanente Ubicación/localización actual Fecha de adquisición Enumeración/cronología de publicación seriada Total de préstamos Código de barras Fecha visto por última vez Número de copia Precio válido a partir de Tipo de ítem Koha Nota pública
    Dewey Decimal Classification   Préstamo en sala   Hemeroteca Biblioteca Nacional Pedro Henríquez Ureña Biblioteca Nacional Pedro Henríquez Ureña 27.04.2026 Julio 2024   2026-3238 27.04.2026 e.1 27.04.2026 Publicación periódica Disponible para consulta en: Hemeroteca.
    Dewey Decimal Classification   Préstamo en sala   Hemeroteca Biblioteca Nacional Pedro Henríquez Ureña Biblioteca Nacional Pedro Henríquez Ureña 27.04.2026 Julio 2024   2026-3239 27.04.2026 e.2 27.04.2026 Publicación periódica Disponible para consulta en: Hemeroteca.
    Dewey Decimal Classification   Préstamo en sala   Hemeroteca Biblioteca Nacional Pedro Henríquez Ureña Biblioteca Nacional Pedro Henríquez Ureña 27.04.2026 Julio 2024   2026-3240 27.04.2026 e.3 27.04.2026 Publicación periódica Disponible para consulta en: Hemeroteca.

Powered by Koha